| 000 | 00407nam a2200169Ia 4500 | ||
|---|---|---|---|
| 008 | 230524s9999 xx 000 0 und d | ||
| 082 |
_a621.382 _bWID |
||
| 100 | _aBernard Widrow | ||
| 245 | 0 | _aAdaptive Signal Processing | |
| 250 | _a1st | ||
| 260 |
_aNEW DELHI _bPearson _c2005 |
||
| 300 | _aXII;467 | ||
| 500 | _aQuantity Number: 2 | ||
| 650 | _aElectronics | ||
| 700 | _a S.D.Sterms | ||
| 942 | _cBK | ||
| 999 |
_c32679 _d32679 |
||